000 00743nam a2200289Ia 4500
005 20260324113740.0
008 008 260324s9999 xx 000 0 eng d
020 _a9781003369066
037 _aEBOOK
040 _aCRL
040 _beng
040 _cCRL
041 _2eng
041 _aeng
084 _qCRL
100 _aKaran Singh; Latha Banda; Manisha Manjul
_91148017
245 0 _aAdvanced Computer Science Applications
245 0 _bRecent Trends in AI, Machine Learning, and Network Security
260 _bTaylor and Francis
260 _c2023
365 _a
365 _b305
856 _uhttp://www.taylorfrancis.com/books/9781003369066
942 _cEBOOK
999 _c1737831
_d1737831